1195 1455 1406 1162 1327 1209 1728 1458 2000 1362 1487 1216 1952 1992 1581 1294 1694 1485 1540 1565 1702 1257 1331 1415 1122 1989 1833 1508 1132 1627 1375 1488 1670 1169 1621 1077 1508 1751 1049 1169 1943 1781 1364 1559 1788 1208 1106 1231 1670 1986 1135 1613 1397 1482 1529 1618 1811 1246 1686 1670 1992 1636 1575 1873 1268 1536 1921 1046 1512 1764 1180 1513 1780 1165 1565 1940 1714 1654 1443 1535 1385 1113 1219 1624 1688 1772 1770 1859 1043 1016 1860 1165 1532 1864 1345 1685 1469 1036 1959 BCNSPRNW ULIB Ver.6.0+V

เปลี่ยนเป็นภาษาไทย

Change to English
 แสดงรายละเอียดบรรณานุกรม
  กลับหน้าหลัก

Brief Record : Get Marc (ISO 2709) : E-mail record : QR code < ปิดหน้าต่าง
LEADER : 00000nam 2200000uu 4500
001    13399122334
003     ULIB
008    130214s2551||||th 000 0 tha d
099    ^aวจ.WY18.8^bย155ก
100    ^aยศพล เหลืองโสมนภา, เบญจวรรณ ทิมสุวรรณ และสาคร พร้อมเพราะ
245    ^aการวิเคราะห์องค์ป่ระกอบพฤติกรรมการดูแลแบบเอื้ออาทรของอาจารย์พยาบาล /^cโดย ยศพล เหลืองโสมนภา, เบญจวรรณ ทิมสุวรรณ และสาคร พร้อมเพราะ
260    ^aจันทบุรี :^bวิทยาลัยพยาบาลพระปกเกล้า จันทบุรี,^c2551
300    ^a177 หน้า
650    ^aการดูแลแบบเอื้อาทร^xวิจัย
650    ^aอาจารย์พยาบาล^xวิจัย
700    ^aเบญจวรรณ ทิมสุวรรณ
700    ^a สาคร พร้อมเพราะ
945    ^p0^l0^i033577
999    ^aเกษร โพธิ์สุวรรณ
รายการนี้ยังไม่มีแท็ก
คุณยังไม่ได้ล็อกอิน คุณสามารถมีกิจกรรมร่วมกับเว็บไซต์ได้ แต่ต้องล็อกอินก่อน ::
  ล็อกอิน

รายการสื่อสารสนเทศ

ลำดับที่ ประเภท เลขเรียก/บาร์โค้ด สถานที่ สถานะ
1. งานวิจัย
งานวิจัย
วจ.WY18.8 ย155ก  
  Barcode: 033577
ห้องสมุดวิทยาเขตสวรรค์ประชารักษ์
►วิจัย
บนชั้น

BibComment


ยังไม่เคยถูกคอมเมนท์

คอมเมนท์ทรัพยากรรายการนี้
  คอมเมนท์: การวิเคราะห์องค์..


 Copyright 2026. Bcnsprnw @Library